Normal view
MARC view
- الفلسفة الاسلامية- الفلسفة العربية- تاريخ
Entry Topical Term
001 - CONTROL NUMBER
- control field: 8593
003 - CONTROL NUMBER IDENTIFIER
- control field: JO-AjAnu
005 - DATE AND TIME OF LATEST TRANSACTION
- control field: 20230606071703.0
008 - FIXED-LENGTH DATA ELEMENTS
- fixed length control field: 230606|| aca||aabn | a|a d
040 ## - CATALOGING SOURCE
- Original cataloging agency: JO-AjAnu
- Transcribing agency: JO-AjAnu
150 ## - HEADING--TOPICAL TERM
- Topical term or geographic name entry element: الفلسفة الاسلامية- الفلسفة العربية- تاريخ
670 ## - SOURCE DATA FOUND
- Source citation: Work cat.: (JO-AjAnu)4436: أوليري، ديلاسي ؛ ترجمة: تمام حسان ؛ مراجعة: محمد مصطفى حلمي, author 8592, الفكر العربي ومكانه في التاريخ